<?xml version="1.0" encoding="UTF-8"?><?xml-stylesheet type="text/xsl" href="static/style.xsl"?><OAI-PMH xmlns="http://www.openarchives.org/OAI/2.0/" xmlns:xsi="http://www.w3.org/2001/XMLSchema-instance" xsi:schemaLocation="http://www.openarchives.org/OAI/2.0/ http://www.openarchives.org/OAI/2.0/OAI-PMH.xsd"><responseDate>2026-04-28T19:50:17Z</responseDate><request verb="GetRecord" identifier="oai:uvadoc.uva.es:10324/23979" metadataPrefix="marc">https://uvadoc.uva.es/oai/request</request><GetRecord><record><header><identifier>oai:uvadoc.uva.es:10324/23979</identifier><datestamp>2021-06-29T17:21:49Z</datestamp><setSpec>com_10324_38</setSpec><setSpec>col_10324_852</setSpec></header><metadata><record xmlns="http://www.loc.gov/MARC21/slim" xmlns:doc="http://www.lyncode.com/xoai" xmlns:xsi="http://www.w3.org/2001/XMLSchema-instance" xmlns:dcterms="http://purl.org/dc/terms/" xsi:schemaLocation="http://www.loc.gov/MARC21/slim http://www.loc.gov/standards/marcxml/schema/MARC21slim.xsd">
<leader>00925njm 22002777a 4500</leader>
<datafield tag="042" ind1=" " ind2=" ">
<subfield code="a">dc</subfield>
</datafield>
<datafield tag="720" ind1=" " ind2=" ">
<subfield code="a">Rubio Velasco, Daniel</subfield>
<subfield code="e">author</subfield>
</datafield>
<datafield tag="260" ind1=" " ind2=" ">
<subfield code="c">2017</subfield>
</datafield>
<datafield tag="520" ind1=" " ind2=" ">
<subfield code="a">VeterSegovia es una aplicación web para la gestión de clínicas veterinarias en la que los usuarios de manera ágil, sencilla e intuitiva pueden interactuar con la clínica veterinaria a través de un área privada dónde podrán consultar todo su historial clínico y el de sus mascotas al mismo tiempo que comunicarse con los veterinarios de la clínica para pedirles citas, consejos y más dudas acerca de sus mascotas. A su vez esta aplicación permite a los veterinarios gestionar de manera rápida a sus clientes y mascotas junto con toda la actividad de éstos (consultas, vacunas, citas, mensajes…). Esta aplicación quiere hacer más accesible la relación entre la clínica veterinaria y sus clientes.</subfield>
</datafield>
<datafield tag="024" ind2=" " ind1="8">
<subfield code="a">http://uvadoc.uva.es/handle/10324/23979</subfield>
</datafield>
<datafield ind1=" " ind2=" " tag="653">
<subfield code="a">Veterinaria-Aplicaciones informáticas</subfield>
</datafield>
<datafield tag="245" ind1="0" ind2="0">
<subfield code="a">VeterSegovia: "Aplicación web para la gestión de clínicas veterinarias"</subfield>
</datafield>
</record></metadata></record></GetRecord></OAI-PMH>